Normal view
MARC view
- MANAGEMENT OF QUALITY ASSURANCE
Entry Topical Term
001 - CONTROL NUMBER
- control field: 66980
003 - CONTROL NUMBER IDENTIFIER
- control field: NUST
005 - DATE AND TIME OF LATEST TRANSACTION
- control field: 20210628203719.0
008 - FIXED-LENGTH DATA ELEMENTS
- fixed length control field: 210628|| aca||aabn | a|a d
040 ## - CATALOGING SOURCE
- Original cataloging agency: NUST
- Transcribing agency: NUST
150 ## - HEADING--TOPICAL TERM
- Topical term or geographic name entry element: MANAGEMENT OF QUALITY ASSURANCE
670 ## - SOURCE DATA FOUND
- Source citation: Work cat.: (NUST): Willborn, W. W. O , Sinha, M. N 66979, The management of quality assurance, 1985
